| 000 | 00474cam a22001934a 4500 | ||
|---|---|---|---|
| 005 | 20250605164319.0 | ||
| 008 | 250528s ||||||||||||||||||||||||d | ||
| 035 | _a22831 | ||
| 020 | _a9780201729313 | ||
| 040 |
_aGR-AtMCL _bgre _dGR-AtMCL _eAACR2 |
||
| 245 | 1 | _aMACROMEDIA FLASH 5 TRAINING FROM THE SOURCE | |
| 250 | _a1 | ||
| 260 |
_bMacromedia Press, _c2001 |
||
| 300 | _a324 | ||
| 700 | 1 |
_aRey Chrissy _98500 |
|
| 942 | _cBK | ||
| 999 |
_c7876 _d7876 |
||